A Comparative Study Between Eminectomy And Dautrey Procedure For Management Of Chronic Condylar Dislocation Of The Temporo- Mandibular Joint / (رقم التسجيلة. 180620)

تفاصيل مارك
000 -LEADER
fixed length control field 01554namaa22003131i 4500
005 - أخر تعامل مع التسجيلة
control field 20260625131555.0
008 - FIXED-LENGTH DATA ELEMENTS--GENERAL INFORMATION
fixed length control field 260625s1994 ua a|||frm||| 000 0 eng d
040 ## - CATALOGING SOURCE
Original cataloguing agency EG-GICUC
Language of cataloging eng
Transcribing agency EG-GICUC
Modifying agency EG-GICUC
Description conventions rda
041 0# - LANGUAGE CODE
Language code of text/sound track or separate title eng
Language code of summary or abstract eng
-- ara
049 ## - Acquisition Source
Acquisition Source Deposite
097 ## - Degree
Degree Ph.D
099 ## - LOCAL FREE-TEXT CALL NUMBER (OCLC)
Local Call Number Cai01.09.11.Ph.D.Me.C.
100 0# - MAIN ENTRY--PERSONAL NAME
Authority record control number or standard number Medhat Mokhtar Mohamed EL Tohamy,.
Preparation preparation.
245 10 - TITLE STATEMENT
Title A Comparative Study Between Eminectomy And Dautrey Procedure For Management Of Chronic Condylar Dislocation Of The Temporo- Mandibular Joint /
Statement of responsibility, etc. By Medhat Mokhtar Mohamed EL Tohamy; Supervisors Prof. Dr. Ragab Radwan EL-Beially, Associate Prof. Mohamed Galal Behairy.
246 15 - VARYING FORM OF TITLE
Title proper/short title مقارنة دراسية بين عملية ازالة النتوء المفصلى بالعظمة الصدغية وعملية دوزتراى في علاج الخلع المتكرر للقمة المفصل الصدغى اللحيى /
264 #0 - PRODUCTION, PUBLICATION, DISTRIBUTION, MANUFACTURE, AND COPYRIGHT NOTICE
Date of production, publication, distribution, manufacture, or copyright notice 1994.
300 ## - PHYSICAL DESCRIPTION
Extent 133 pages :
Other physical details illustrations ;
Dimensions 30 cm. +
336 ## - CONTENT TYPE
Source rda content
Content type term text
337 ## - MEDIA TYPE
Source rdamedia
Media type term Unmediated
338 ## - CARRIER TYPE
Source rdacarrier
Carrier type term volume
502 ## - DISSERTATION NOTE
Dissertation note Thesis (Ph.D)-Cairo University, 1994.
504 ## - BIBLIOGRAPHY, ETC. NOTE
Bibliography, etc. note Bibliography: pages 122-133.
653 #0 - INDEX TERM--UNCONTROLLED
Uncontrolled term Oral Surgery
700 0# - ADDED ENTRY--PERSONAL NAME
Personal name Ragab Radwan EL-Beially
Relator term thesis advisor.
700 0# - ADDED ENTRY--PERSONAL NAME
Personal name Mohamed Galal Behairy
Relator term thesis advisor.
900 ## - Thesis Information
Department Department of Oral Surgery
Faculties Faculty of Oral And Dental Medicine
Universities Cairo University
Grant date 1994
Supervisory body Ragab Radwan EL-Beially
-- Mohamed Galal Behairy
905 ## - Cataloger and Reviser Names
Cataloger Name Eman El gebaly
942 ## - ADDED ENTRY ELEMENTS (KOHA)
Source of classification or shelving scheme Dewey Decimal Classification
Koha item type Thesis
Edition 21
Suppress in OPAC No
المقتنيات
Source of classification or shelving scheme Home library Current library Date acquired Inventory number Full call number Barcode Date last seen Effective from Koha item type
Dewey Decimal Classification المكتبة المركزبة الجديدة - جامعة القاهرة مكتبة المئوية 25.06.2026 26154 Cai01.09.11.Ph.D.Me.C. 01010110026154000 25.06.2026 25.06.2026 Thesis
Cairo University Libraries Portal Implemented & Customized by: Eng. M. Mohamady Contacts: new-lib@cl.cu.edu.eg | cnul@cl.cu.edu.eg
CUCL logo CNUL logo
© All rights reserved — Cairo University Libraries
CUCL logo
Implemented & Customized by: Eng. M. Mohamady Contact: new-lib@cl.cu.edu.eg © All rights reserved — New Central Library
CNUL logo
Implemented & Customized by: Eng. M. Mohamady Contact: cnul@cl.cu.edu.eg © All rights reserved — Cairo National University Library